[Event "Vallfogona Hostal Nou op"]
[Site "Vallfogona de Balaguer"]
[Date "2014.05.17"]
[Round "4"]
[White "Biosca Lacasa, Jordi"]
[Black "Solani Nunez, Joshua"]
[Result "0-1"]
[WhiteElo "2019"]
[BlackElo "2199"]
[PlyCount "84"]
[EventDate "2014.04.26"]
[EventType "swiss"]
[EventRounds "8"]
[EventCountry "ESP"]
[SourceTitle "EXT 2015"]
[Source "ChessBase"]
[SourceDate "2014.11.20"]
[SourceVersion "1"]
[SourceVersionDate "2014.11.20"]
[SourceQuality "1"]

1. d4 Nf6 2. Bf4 e6 3. e3 c5 4. c3 Nc6 5. Nf3 b6 6. Bd3 d5 7. Nbd2 Be7 8. 0-0 0-0 9. Re1 Nh5 10. Ne5 Nxe5 11. Bxe5 Nf6 12. Nf3 cxd4 13. exd4 Bd7 14. Rc1 b5 15. a3 a5 16. Qb3 Qb6 17. h3 Rfc8 18. Nd2 b4 19. c4 a4 20. c5 Qxc5 21. dxc5 axb3 22. axb4 Ra4 23. Bc3 d4 24. Bxd4 Rxb4 25. Bc3 Rbb8 26. Be5 Rb4 27. Bc3 Rbb8 28. Bd4 Bc6 29. Bc4 Bd5 30. Bxd5 Nxd5 31. Ne4 Rb4 32. Be5 h6 33. Nd6 Rc6 34. f3 Bg5 35. Ra1 f6 36. Ra8+ Kh7 37. Bg3 Be3+ 38. Bf2 Bxf2+ 39. Kxf2 Rxc5 40. Rxe6 Nf4 41. Re7 Rc2+ 42. Kg3 Rxg2+ 0-1

[Event "Lleida Province-ch"]
[Site "Balaguer"]
[Date "2013.11.17"]
[Round "7"]
[White "Rodriguez Moles, Julian"]
[Black "Biosca Lacasa, Jordi"]
[Result "1-0"]
[WhiteElo "1737"]
[BlackElo "1940"]
[PlyCount "103"]
[EventDate "2013.10.06"]
[EventType "swiss"]
[EventRounds "9"]
[EventCountry "ESP"]
[SourceTitle "CBM 157 Extra"]
[Source "ChessBase"]
[SourceDate "2013.12.19"]
[SourceVersion "1"]
[SourceVersionDate "2013.12.19"]
[SourceQuality "1"]

1. e4 d5 2. exd5 Qxd5 3. Nc3 Qd6 4. Bc4 Nf6 5. d3 c6 6. Be3 Bf5 7. Nf3 e6 8. Ng5 Nbd7 9. Nge4 Qc7 10. a3 Be7 11. h3 Nd5 12. Qd2 Qa5 13. Nxd5 Qxd2+ 14. Nxd2 cxd5 15. Bb5 a6 16. Bxd7+ Kxd7 17. Ke2 e5 18. Nf3 f6 19. c3 Rhc8 20. d4 e4 21. Nd2 Rc6 22. g4 Bg6 23. h4 h5 24. g5 fxg5 25. hxg5 Rf8 26. Nf1 Bf5 27. Kd2 g6 28. Nh2 h4 29. Rag1 Rh8 30. Ng4 Rcc8 31. Nh6 h3 32. Nxf5 gxf5 33. Bf4 Rcg8 34. Be5 Rh5 35. g6 Bg5+ 36. Ke2 f4 37. g7 f3+ 38. Ke1 Ke6 39. Rg3 h2 40. Rxg5 Rxg5 41. Rxh2 Rxe5 42. dxe5 Kxe5 43. Rh7 Kd6 44. Kd2 Kc5 45. b3 a5 46. Ke3 b5 47. Kd2 a4 48. b4+ Kc4 49. Kc2 d4 50. Rh8 d3+ 51. Kb2 Rxg7 52. Rd8 1-0

[Event "Lleida Province-ch"]
[Site "Balaguer"]
[Date "2013.10.20"]
[Round "3"]
[White "Nieto Badia, Pau"]
[Black "Biosca Lacasa, Jordi"]
[Result "1-0"]
[WhiteElo "1633"]
[BlackElo "1940"]
[PlyCount "55"]
[EventDate "2013.10.06"]
[EventType "swiss"]
[EventRounds "9"]
[EventCountry "ESP"]
[SourceTitle "CBM 157 Extra"]
[Source "ChessBase"]
[SourceDate "2013.12.19"]
[SourceVersion "1"]
[SourceVersionDate "2013.12.19"]
[SourceQuality "1"]

1. Nf3 d5 2. c4 c6 3. b3 Bf5 4. Bb2 e6 5. g3 Nf6 6. Bg2 Nbd7 7. 0-0 Bc5 8. d4 Bb6 9. Nbd2 0-0 10. Nh4 Bg4 11. h3 Bh5 12. g4 Ne8 13. Nhf3 Bg6 14. cxd5 exd5 15. Ba3 c5 16. Rc1 Qe7 17. Re1 f5 18. g5 Rc8 19. dxc5 Bxc5 20. b4 Bxb4 21. Bxb4 Rxc1 22. Bxe7 Rxd1 23. Rxd1 Rf7 24. Bb4 f4 25. Nh4 Be4 26. Nxe4 dxe4 27. Bxe4 Nb6 28. Rd8 1-0

[Event "Lleida Province-ch"]
[Site "Lleida"]
[Date "2012.11.04"]
[Round "6"]
[White "Parramon Guillaumet, Jaime"]
[Black "Biosca Lacasa, Jordi"]
[Result "0-1"]
[WhiteElo "1888"]
[BlackElo "1929"]
[PlyCount "92"]
[EventDate "2012.10.07"]
[EventType "swiss"]
[EventRounds "9"]
[EventCountry "ESP"]
[SourceTitle "EXT 2015"]
[Source "ChessBase"]
[SourceDate "2014.11.20"]
[SourceVersion "1"]
[SourceVersionDate "2014.11.20"]
[SourceQuality "1"]

1. e4 d5 2. exd5 Qxd5 3. Nc3 Qd8 4. Nf3 Nf6 5. Bc4 Bf5 6. d4 e6 7. Bg5 Be7 8. Qe2 c6 9. Bb3 Nbd7 10. h3 Nb6 11. 0-0-0 Nbd5 12. Nxd5 Nxd5 13. Bxe7 Qxe7 14. Bxd5 cxd5 15. Qb5+ Qd7 16. Qxd7+ Kxd7 17. Ne5+ Ke7 18. g4 Bg6 19. Rhe1 f6 20. Nd3 Bxd3 21. Rxd3 Rac8 22. f4 Kd6 23. Rde3 Rhe8 24. c3 Re7 25. Kd2 h5 26. Kd3 hxg4 27. hxg4 Rh8 28. R1e2 Rh1 29. Rg3 Rf1 30. f5 e5 31. dxe5+ fxe5 32. Kd2 e4 33. Ke3 Ke5 34. Rgg2 Rf3+ 35. Kd2 Kf4 36. Rg1 Rg3 37. Reg2 Rxg2+ 38. Rxg2 Kf3 39. Rg1 e3+ 40. Ke1 e2 41. g5 Rf7 42. f6 gxf6 43. gxf6 Rxf6 44. Rg5 Rh6 45. Re5 Rh1+ 46. Kd2 Rd1+ 0-1

[Event "Lleida Province-ch"]
[Site "Lleida"]
[Date "2012.10.28"]
[Round "4"]
[White "Llavall Sans, Daniel"]
[Black "Biosca Lacasa, Jordi"]
[Result "1-0"]
[WhiteElo "2090"]
[BlackElo "1929"]
[PlyCount "95"]
[EventDate "2012.10.07"]
[EventType "swiss"]
[EventRounds "9"]
[EventCountry "ESP"]
[SourceTitle "EXT 2015"]
[Source "ChessBase"]
[SourceDate "2014.11.20"]
[SourceVersion "1"]
[SourceVersionDate "2014.11.20"]
[SourceQuality "1"]

1. e4 d5 2. exd5 Qxd5 3. Nc3 Qa5 4. Bc4 Bf5 5. Nf3 Nf6 6. d4 c6 7. Bd2 Qc7 8. Ne5 e6 9. g4 Be4 10. Nxe4 Nxe4 11. Bf4 Bd6 12. Qe2 Nf6 13. Nxf7 Bxf4 14. Nxh8 Nd5 15. Bd3 g6 16. c4 Qa5+ 17. Kf1 Nc7 18. Qf3 Qg5 19. h4 Qf6 20. h5 g5 21. Bxh7 Qxh8 22. Bg6+ Ke7 23. Rd1 Nd7 24. Kg2 Rf8 25. Qa3+ Kd8 26. Qxa7 Qf6 27. Qa3 Bc1 28. Rhf1 Bxb2 29. Qd3 Nb6 30. f3 Na4 31. Qb3 b5 32. Be4 Bxd4 33. Bxc6 Nc3 34. Qxc3 e5 35. cxb5 Ke7 36. Qb4+ Kf7 37. Qc4+ Kg7 38. Bd5 Qb6 39. Bc6 Rf4 40. Qb4 Bc5 41. Rd7+ Kf6 42. Qb1 e4 43. Bxe4 Ne6 44. Bc6 Nf8 45. Rd5 Ne6 46. Qg6+ Ke7 47. Rd7+ Kf8 48. Qxe6 1-0

[Event "Lleida Province-ch"]
[Site "Lleida"]
[Date "2011.12.11"]
[Round "9"]
[White "Degracia Burgues, Jose A"]
[Black "Biosca Lacasa, Jordi"]
[Result "0-1"]
[WhiteElo "1915"]
[BlackElo "1957"]
[PlyCount "122"]
[EventDate "2011.10.09"]
[EventType "swiss"]
[EventRounds "9"]
[EventCountry "ESP"]
[SourceTitle "EXT 2015"]
[Source "ChessBase"]
[SourceDate "2014.11.20"]
[SourceVersion "1"]
[SourceVersionDate "2014.11.20"]
[SourceQuality "1"]

1. e4 d5 2. exd5 Qxd5 3. Nf3 Bf5 4. c4 Qa5 5. Nc3 Nf6 6. d4 c6 7. Bf4 e6 8. Bd3 Bb4 9. Bxf5 Qxf5 10. Bd2 Qd3 11. Qb3 Bxc3 12. Qxc3 Qxc3 13. Bxc3 0-0 14. 0-0 Nbd7 15. Rfe1 Rfd8 16. Re2 Nf8 17. Rae1 Ng6 18. g3 h6 19. Nd2 Rd7 20. Ne4 Nxe4 21. Rxe4 Rad8 22. h4 Ne7 23. Kg2 Nf5 24. b3 Nxd4 25. g4 c5 26. f4 Nc2 27. R1e2 Nb4 28. Bxb4 cxb4 29. c5 a5 30. Kf2 Rd3 31. h5 Rc3 32. g5 Rxc5 33. g6 Rxh5 34. gxf7+ Kxf7 35. Rxe6 Rh2+ 36. Kf3 Rxe2 37. Rxe2 Rd6 38. Re5 b6 39. Ke3 Rc6 40. Kd3 g6 41. Re2 Kf6 42. Rh2 h5 43. Ke4 Rc5 44. Rd2 Rc6 45. Rg2 h4 46. Rh2 g5 47. fxg5+ Kxg5 48. Rg2+ Kh5 49. Rd2 h3 50. Kf3 Rc3+ 51. Kf4 Kh4 52. Rd6 Rc5 53. Rd2 Rc8 54. Rd7 Rf8+ 55. Ke3 h2 56. Rh7+ Kg3 57. Rg7+ Kh3 58. Rh7+ Kg2 59. Rg7+ Kf1 60. Rh7 Rf2 61. Rh3 Rxa2 0-1

[Event "Lleida Province-ch"]
[Site "Lleida"]
[Date "2011.11.27"]
[Round "8"]
[White "Rodriguez Moles, Julian"]
[Black "Biosca Lacasa, Jordi"]
[Result "0-1"]
[WhiteElo "1669"]
[BlackElo "1957"]
[PlyCount "110"]
[EventDate "2011.10.09"]
[EventType "swiss"]
[EventRounds "9"]
[EventCountry "ESP"]
[SourceTitle "EXT 2015"]
[Source "ChessBase"]
[SourceDate "2014.11.20"]
[SourceVersion "1"]
[SourceVersionDate "2014.11.20"]
[SourceQuality "1"]

1. e4 d5 2. exd5 Qxd5 3. Nc3 Qa5 4. Bc4 Bf5 5. Nf3 Nf6 6. 0-0 e6 7. d4 c6 8. Bg5 Be7 9. Re1 0-0 10. Qd2 Nbd7 11. Ne5 Rfe8 12. Nxd7 Nxd7 13. Bxe7 Rxe7 14. Qg5 Qd8 15. Bb3 Nf6 16. Rad1 Rd7 17. Ne2 Qb6 18. c3 a5 19. Qc1 Rad8 20. Ng3 Bg6 21. Re5 Qc7 22. Qg5 h6 23. Qf4 b6 24. Rde1 Rd6 25. Qh4 Qa7 26. f4 c5 27. dxc5 bxc5 28. Kh1 a4 29. Bc4 Rd1 30. b3 a3 31. Nf1 Qc7 32. h3 Qc6 33. Qf2 Ne4 34. Qe3 Rxe1 35. Qxe1 Nf6 36. Ng3 Nd5 37. f5 exf5 38. Qd2 Nf4 39. Qxd8+ Kh7 40. Qd2 Nxh3 41. Kh2 Ng5 42. Qe3 Qd6 43. Rd5 Qb8 44. Kg1 f4 45. Qxc5 fxg3 46. Qd6 Qa7+ 47. Qc5 Qb8 48. Qe3 Be4 49. Rd4 f5 50. Bd3 Qe8 51. Qxg3 Qh5 52. Bxe4 Nxe4 53. Qe3 Qh4 54. Kf1 h5 55. Qh3 Qf2# 0-1

[Event "Lleida Province-ch"]
[Site "Lleida"]
[Date "2011.10.16"]
[Round "3"]
[White "Biosca Lacasa, Jordi"]
[Black "Palacios Exposito, Pedro"]
[Result "0-1"]
[WhiteElo "1957"]
[BlackElo "1876"]
[PlyCount "32"]
[EventDate "2011.10.09"]
[EventType "swiss"]
[EventRounds "9"]
[EventCountry "ESP"]
[SourceTitle "EXT 2015"]
[Source "ChessBase"]
[SourceDate "2014.11.20"]
[SourceVersion "1"]
[SourceVersionDate "2014.11.20"]
[SourceQuality "1"]

1. d4 Nf6 2. Nf3 c5 3. Bf4 cxd4 4. Nxd4 d6 5. Bg3 g6 6. e3 a6 7. Nd2 Bg7 8. Rb1 0-0 9. Be2 e5 10. N4b3 Nc6 11. 0-0 Bf5 12. a3 Rc8 13. Nc4 d5 14. Nxe5 Nxe5 15. Bxe5 Bxc2 16. Qd4 Bxb3 0-1

[Event "Lleida Province-ch"]
[Site "Lleida"]
[Date "2011.10.09"]
[Round "1"]
[White "Biosca Lacasa, Jordi"]
[Black "Monell Camarasa, David"]
[Result "0-1"]
[WhiteElo "1957"]
[BlackElo "2212"]
[PlyCount "168"]
[EventDate "2011.10.09"]
[EventType "swiss"]
[EventRounds "9"]
[EventCountry "ESP"]
[SourceTitle "EXT 2015"]
[Source "ChessBase"]
[SourceDate "2014.11.20"]
[SourceVersion "1"]
[SourceVersionDate "2014.11.20"]
[SourceQuality "1"]

1. d4 d5 2. Nf3 Nf6 3. Bf4 c6 4. Nbd2 Bf5 5. e3 e6 6. Be2 Qb6 7. Qc1 Nbd7 8. a4 a6 9. h3 h6 10. 0-0 Rc8 11. Ne5 Nxe5 12. Bxe5 Be7 13. c3 0-0 14. a5 Qd8 15. b4 Nd7 16. Bg3 f6 17. Nb3 e5 18. Nc5 Qc7 19. Qd2 Bd6 20. Bh2 Rf7 21. c4 exd4 22. Bxd6 Qxd6 23. Nxb7 Qc7 24. Nc5 Nxc5 25. bxc5 dxe3 26. fxe3 Be4 27. cxd5 cxd5 28. Bxa6 Ra8 29. Bd3 Qxc5 30. Rfc1 Qa7 31. Bb5 Rd8 32. Ra4 f5 33. Rac4 f4 34. Rxe4 f3 35. Re8+ Rxe8 36. Bxe8 f2+ 37. Kf1 Rf8 38. Bg6 Qa6+ 39. Bd3 Qd6 40. Be4 Kh8 41. Bxd5 Qh2 42. Ke2 Qg1 43. Rf1 Rb8 44. Rxf2 Qb1 45. Ba2 Qa1 46. Kf3 Qf6+ 47. Kg3 Qe5+ 48. Kf3 Qf6+ 49. Ke2 Qe5 50. Bb1 Qh5+ 51. Rf3 Rxb1 52. Qd8+ Kh7 53. Qd3+ Qg6 54. Qxg6+ Kxg6 55. Rf8 Ra1 56. Ra8 Ra2+ 57. Kf3 Kf5 58. a6 h5 59. g4+ hxg4+ 60. hxg4+ Kg5 61. a7 Ra3 62. Rg8 Rxa7 63. Re8 Ra5 64. Rh8 g6 65. Rd8 Ra4 66. Rd5+ Kh4 67. Rd4 Ra1 68. Rd2 Rg1 69. Rd4 g5 70. Rd2 Rg3+ 71. Ke4 Kxg4 72. Rf2 Rg1 73. Kd4 Rd1+ 74. Ke5 Kg3 75. Rf5 g4 76. e4 Kh4 77. Ke6 g3 78. e5 g2 79. Rf8 g1Q 80. Rh8+ Kg5 81. Rg8+ Kh6 82. Rxg1 Rxg1 83. Kf7 Rf1+ 84. Ke8 Re1 0-1

[Event "Lleida Province-ch"]
[Site "Almenar"]
[Date "2010.10.??"]
[Round "7"]
[White "Coll Ortega, Cristina"]
[Black "Biosca Lacasa, Jordi"]
[Result "1-0"]
[WhiteElo "1898"]
[BlackElo "1955"]
[PlyCount "105"]
[EventDate "2010.10.10"]
[EventType "swiss"]
[EventRounds "9"]
[EventCountry "ESP"]
[SourceTitle "EXT 2015"]
[Source "ChessBase"]
[SourceDate "2014.11.20"]
[SourceVersion "1"]
[SourceVersionDate "2014.11.20"]
[SourceQuality "1"]

1. e4 d5 2. exd5 Qxd5 3. Nc3 Qa5 4. d4 c6 5. Bc4 Bf5 6. Nf3 Nf6 7. Bd2 Qc7 8. Ne5 e6 9. g4 Bg6 10. h4 Bd6 11. Nxg6 hxg6 12. Qf3 Nbd7 13. Bb3 Nb6 14. 0-0-0 0-0-0 15. Ne4 Nxe4 16. Qxe4 Nd5 17. Kb1 Rhe8 18. Qf3 b6 19. c4 Nf6 20. Ba4 Kb7 21. Bg5 Be7 22. Bf4 Bd6 23. Bg5 Be7 24. Rhe1 Ng8 25. Qxf7 Bxg5 26. Qxc7+ Kxc7 27. hxg5 e5 28. d5 a6 29. Bxc6 Re7 30. Re2 Kd6 31. Rde1 Rf8 32. Rg1 Rf4 33. b3 Ref7 34. Be8 Rf8 35. Bxg6 Ne7 36. Bd3 Rxf2 37. Kc1 Nc8 38. Kd2 Rxe2+ 39. Bxe2 Kc5 40. Kc3 a5 41. a3 Rf2 42. b4+ axb4+ 43. axb4+ Kd6 44. Kd3 Ne7 45. Ke3 Rf4 46. Rh1 Ng6 47. Rh7 Rf7 48. Bd3 Nf8 49. Rh8 Nd7 50. Bf5 b5 51. Be6 Re7 52. Rc8 bxc4 53. Rc6# 1-0

[Event "Lleida Province-ch"]
[Site "Almenar"]
[Date "2010.10.??"]
[Round "4"]
[White "Verdes Nadal, Ramon"]
[Black "Biosca Lacasa, Jordi"]
[Result "1-0"]
[WhiteElo "2008"]
[BlackElo "1955"]
[PlyCount "137"]
[EventDate "2010.10.10"]
[EventType "swiss"]
[EventRounds "9"]
[EventCountry "ESP"]
[SourceTitle "EXT 2015"]
[Source "ChessBase"]
[SourceDate "2014.11.20"]
[SourceVersion "1"]
[SourceVersionDate "2014.11.20"]
[SourceQuality "1"]

1. Nf3 Nf6 2. g3 b6 3. Bg2 Bb7 4. 0-0 e6 5. d4 Be7 6. c4 0-0 7. Nc3 d5 8. Ne5 c5 9. Bg5 cxd4 10. Qxd4 Nc6 11. Nxc6 Bxc6 12. Rad1 Qc7 13. cxd5 Nxd5 14. Nxd5 Bxd5 15. Bxd5 exd5 16. Qxd5 Rfd8 17. Qf5 Bxg5 18. Qxg5 f6 19. Qf5 Qc4 20. Rd7 Rxd7 21. Qxd7 Qxa2 22. Rc1 Rf8 23. Rc7 Rf7 24. Qc8+ Rf8 25. Qb7 Rf7 26. Qb8+ Rf8 27. Qb7 Rf7 28. Rxf7 Qxf7 29. Qb8+ Qf8 30. Qxa7 Qd8 31. Qa2+ Kf8 32. Qa3+ Kf7 33. Qb3+ Ke7 34. Qb5 Kf7 35. Qc4+ Ke7 36. Kg2 h6 37. h4 Qb8 38. Kf3 b5 39. Qc5+ Ke6 40. Qc6+ Ke7 41. b4 f5 42. Qc5+ Kf6 43. Qd4+ Kf7 44. Qf4 Qa8+ 45. e4 Qa3+ 46. Kg2 Qxb4 47. Qxf5+ Ke7 48. Qe5+ Kf8 49. Qb8+ Kf7 50. Qb7+ Kf8 51. Qc8+ Kf7 52. Qd7+ Kf8 53. Qd8+ Kf7 54. Qd5+ Kf8 55. e5 Ke7 56. Qb7+ Kf8 57. e6 Qe7 58. Qa8+ Qe8 59. Qe4 Qe7 60. f4 b4 61. f5 b3 62. Qa8+ Qe8 63. Qa3+ Kg8 64. Qxb3 Qc6+ 65. Kh3 Kf8 66. Qb8+ Ke7 67. Qa7+ Ke8 68. Qf7+ Kd8 69. e7+ 1-0

[Event "Balaguer op 13th"]
[Site "Balaguer"]
[Date "2008.07.14"]
[Round "1"]
[White "Kasparov, Sergey"]
[Black "Biosca Lacasa, Jordi"]
[Result "1-0"]
[WhiteElo "2486"]
[BlackElo "1956"]
[PlyCount "43"]
[EventDate "2008.07.14"]
[EventType "swiss"]
[EventRounds "10"]
[EventCountry "ESP"]
[SourceTitle "CBM 125 Extra"]
[Source "ChessBase"]
[SourceDate "2008.09.01"]
[SourceVersion "1"]
[SourceVersionDate "2008.09.01"]
[SourceQuality "1"]

1. e4 d5 2. exd5 Qxd5 3. Nc3 Qa5 4. d4 c6 5. Bc4 Nf6 6. Bd2 Qc7 7. Nf3 Bf5 8. Ne5 e6 9. g4 Be4 10. Rg1 Bd5 11. Bd3 Nbd7 12. f4 h6 13. Qe2 Bb4 14. a3 Ba5 15. 0-0-0 b5 16. g5 hxg5 17. fxg5 Nxe5 18. dxe5 Bxc3 19. Bxc3 Nd7 20. g6 Nc5 21. gxf7+ Kxf7 22. Qf2+ 1-0